[Event "USA-ch13 prel 03 corr"]
[Site "USA"]
[Date "1996.06.24"]
[Round "?"]
[White "Sutton, John C"]
[Black "Evans, Ron L"]
[Result "1-0"]
[WhiteElo "2240"]
[BlackElo "2030"]
[PlyCount "55"]
[EventDate "1996.??.??"]
[EventType "tourn (corr)"]
[EventRounds "9"]
[EventCountry "USA"]
[SourceTitle "Corr 2006"]
[Source "ChessBase"]
[SourceDate "2006.04.01"]
[SourceVersion "3"]
[SourceVersionDate "2006.04.01"]
[SourceQuality "1"]

1. e4 e5 2. Nf3 Nc6 3. Bb5 a6 4. Ba4 Nf6 5. 0-0 Be7 6. Re1 b5 7. Bb3 0-0 8. c3 d5 9. exd5 e4 10. dxc6 exf3 11. d4 fxg2 12. Qf3 Be6 13. Bf4 Bd5 14. Bxd5 Qxd5 15. Qxd5 Nxd5 16. Bxc7 Rac8 17. Bg3 Rxc6 18. Nd2 f5 19. Re5 Rg6 20. Rxd5 f4 21. Re1 fxg3 22. hxg3 Bd6 23. Ne4 Bb8 24. Nc5 Rxf2 25. Rd8+ Kf7 26. Rxb8 Rgf6 27. Nd3 Rf1+ 28. Kxg2 1-0

[Event "USA-ch13 prel 03 corr"]
[Site "USA"]
[Date "1996.06.24"]
[Round "?"]
[White "Sutton, John C"]
[Black "Hummel, Edward"]
[Result "0-1"]
[WhiteElo "2240"]
[BlackElo "2189"]
[PlyCount "78"]
[EventDate "1996.??.??"]
[EventType "tourn (corr)"]
[EventRounds "9"]
[EventCountry "USA"]
[SourceTitle "Corr 2006"]
[Source "ChessBase"]
[SourceDate "2006.04.01"]
[SourceVersion "3"]
[SourceVersionDate "2006.04.01"]
[SourceQuality "1"]

1. e4 e6 2. d4 d5 3. Nd2 Nf6 4. e5 Nfd7 5. Bd3 c5 6. c3 Nc6 7. Ne2 Qb6 8. Nf3 cxd4 9. cxd4 f6 10. exf6 Nxf6 11. 0-0 Bd6 12. Nc3 0-0 13. Be3 Bd7 14. a3 Be8 15. b4 Bh5 16. Be2 Qd8 17. Ng5 Bxe2 18. Qxe2 Qd7 19. f4 Rac8 20. Na4 h6 21. Nf3 Ne4 22. g3 b6 23. Rfc1 Ne7 24. Nb2 Nf5 25. Nd3 Rxc1+ 26. Bxc1 Rc8 27. g4 Ne7 28. a4 Nc3 29. Qc2 Ng6 30. Be3 Ne4 31. Qb2 Qe8 32. a5 Qb5 33. Nfe1 Rf8 34. axb6 axb6 35. g5 Nxf4 36. gxh6 Nxd3 37. Qe2 Nef2 38. Qh5 Qd7 39. Nf3 Qe8 0-1

[Event "USA-ch13 prel 03 corr"]
[Site "USA"]
[Date "1996.06.24"]
[Round "?"]
[White "Waldrep, Carl E"]
[Black "Sutton, John C"]
[Result "1-0"]
[WhiteElo "2111"]
[BlackElo "2240"]
[PlyCount "99"]
[EventDate "1996.??.??"]
[EventType "tourn (corr)"]
[EventRounds "9"]
[EventCountry "USA"]
[SourceTitle "Corr 2006"]
[Source "ChessBase"]
[SourceDate "2006.04.01"]
[SourceVersion "3"]
[SourceVersionDate "2006.04.01"]
[SourceQuality "1"]

1. c4 c5 2. g3 Nf6 3. Bg2 d5 4. cxd5 Nxd5 5. Nc3 Nc7 6. Nf3 Nc6 7. 0-0 e5 8. Ne1 Bf5 9. d3 Bd6 10. f4 exf4 11. Bxf4 Bxf4 12. Rxf4 Bg6 13. Qa4 Qd6 14. Nb5 Nxb5 15. Qxb5 0-0 16. Qxb7 Nd4 17. Bf1 Rab8 18. Qxa7 Rxb2 19. e3 Ne2+ 20. Bxe2 Rxe2 21. Rd1 Qd5 22. Rf2 Rxf2 23. Kxf2 Ra8 24. Rb1 Qxa2+ 25. Qxa2 Rxa2+ 26. Kf3 Kf8 27. Rc1 Ra5 28. Rc3 Ke7 29. Ng2 Bf5 30. g4 Bd7 31. e4 g5 32. Ne3 Be6 33. Nf5+ Kf6 34. Ke3 Bxf5 35. gxf5 Ke5 36. Rc2 h5 37. Rb2 c4 38. d4+ Kd6 39. Rb6+ Kc7 40. Rf6 Ra3+ 41. Ke2 Ra2+ 42. Kd1 Rxh2 43. Rxf7+ Kd8 44. Rg7 g4 45. f6 Rf2 46. e5 c3 47. d5 h4 48. d6 Rd2+ 49. Kc1 h3 50. f7 1-0

[Event "USCF 1992 Absolute-ch corr"]
[Site "USA"]
[Date "1993.??.??"]
[Round "?"]
[White "Skratulia, John A"]
[Black "Sutton, John C"]
[Result "1/2-1/2"]
[WhiteElo "2325"]
[BlackElo "2333"]
[PlyCount "105"]
[EventDate "1992.??.??"]
[EventType "tourn (corr)"]
[EventRounds "12"]
[EventCountry "USA"]
[SourceTitle "Corr 2006"]
[Source "ChessBase"]
[SourceDate "2006.04.01"]
[SourceVersion "3"]
[SourceVersionDate "2006.04.01"]
[SourceQuality "1"]

1. e4 c5 2. Nf3 Nc6 3. d4 cxd4 4. Nxd4 Nf6 5. Nc3 e5 6. Ndb5 d6 7. Bg5 a6 8. Na3 b5 9. Bxf6 gxf6 10. Nd5 f5 11. c3 Bg7 12. exf5 Bxf5 13. Nc2 Be6 14. Nce3 Ne7 15. g3 Nxd5 16. Nxd5 0-0 17. Bg2 Kh8 18. 0-0 a5 19. Qh5 f5 20. Rad1 Rb8 21. Rd2 Qd7 22. Rfd1 e4 23. Nf4 Bf7 24. Qh3 Rbd8 25. Rd5 Bxd5 26. Ng6+ Kg8 27. Nxf8 Qf7 28. Nxh7 Bxa2 29. Qh4 Rd7 30. Ng5 Qg6 31. Qf4 Be5 32. Qe3 Bc4 33. h4 d5 34. Qc5 Rc7 35. Qe3 a4 36. Nf3 Qg4 37. Re1 Bf6 38. Ng5 Bxg5 39. hxg5 Rg7 40. f4 Qh5 41. Kf2 Qf7 42. Rh1 Qa7 43. Rh6 d4 44. Qxd4 Qxd4+ 45. cxd4 b4 46. Rc6 Bd5 47. Rc5 Rd7 48. Bf1 Bf7 49. Bc4 Bxc4 50. Rxc4 Rb7 51. d5 a3 52. bxa3 bxa3 53. Ra4 1/2-1/2

[Event "USCF 1992 Absolute-ch corr"]
[Site "USA"]
[Date "1993.??.??"]
[Round "?"]
[White "Sutton, John C"]
[Black "Jones, Kenneth E"]
[Result "0-1"]
[WhiteElo "2333"]
[BlackElo "2330"]
[PlyCount "52"]
[EventDate "1992.??.??"]
[EventType "tourn (corr)"]
[EventRounds "12"]
[EventCountry "USA"]
[SourceTitle "Corr 2006"]
[Source "ChessBase"]
[SourceDate "2006.04.01"]
[SourceVersion "3"]
[SourceVersionDate "2006.04.01"]
[SourceQuality "1"]

1. e4 e5 2. Nf3 Nc6 3. Bb5 a6 4. Ba4 Nf6 5. 0-0 Bc5 6. c3 b5 7. Bb3 Qe7 8. d4 Bb6 9. Bg5 h6 10. Bh4 Bb7 11. Bd5 0-0-0 12. Bxc6 dxc6 13. Nxe5 g5 14. Bg3 h5 15. f3 c5 16. Bf2 cxd4 17. cxd4 Rxd4 18. Nd3 Rhd8 19. Qc2 Rc4 20. Qb3 Rxd3 21. Qxd3 Bxf2+ 22. Rxf2 Rc1+ 23. Rf1 Qc5+ 24. Kh1 Qc2 25. Na3 Qxd3 26. Rfxc1 g4 0-1